000 01115cam a22003377a 4500
003 CHAP
005 20220817042316.0
008 971013s1974 r 00010 d
010 _a40395
011 _a41367
035 _a45493
040 _cCHAP
082 _a630.71
_bE51j
110 _aENA. Colegio de Postgraduados. Chapingo, Méx.
_936679
245 1 0 _aUniversidad Nacional de Chapingo
260 _aChapingo, Méx. :
_bENA,
_c1974
300 _a63 h.
_b; apénd.
590 _aBATCH-UPD
_b10
_c20130110
_lUCH01
_h1233
590 _aBATCH-UPD
_b10
_c20130410
_lUCH01
_h0802
590 _aBATCH-UPD
_b10
_c20130914
_lUCH01
_h1241
590 _aCONVERSION
_b10
_c20130109
_lUCH01
_h1322
650 1 4 _aEducación agrícola
_xLeyes.
_935532
650 1 4 _aEducación agrícola
_zMéxico.
_935552
650 1 4 _aPolítica educativa
_zMéxico.
_990561
650 1 4 _aUniversidades
_xAdministración
_xMéxico.
_9116599
710 0 _aUACH.
901 _aBK
942 _cLIBRO
949 _a630.71 E51j
_bBC
_cLIBRO
_d-103899
_eLIBRO
_fc.2
_h41851
_i45493
_si
949 _a630.71 E51j
_bBC
_cUACH
_d-103898
_eUACH
_h35750
_i45493
_si
999 _c40395
_d40395